[Event "Superbet Blitz GCT 2019"]
[Site "Bucharest"]
[Date "2019.11.10"]
[Round "17"]
[White "Le, Quang Liem"]
[Black "Caruana, Fabiano"]
[Result "1-0"]
[WhiteElo "2713"]
[BlackElo "2822"]
[Annotator "TA"]
[PlyCount "53"]
[EventDate "2019.11.09"]
[EventType "tourn"]
[EventCountry "ROU"]
[SourceTitle "playchess.com"]
[Source "ChessBase"]
[SourceQuality "1"]

{[%evp 14,71,31,25,29,25,40,46,46,52,51,57,52,0,16,13,15,19,12,0,0,0,0,0,0,-10,26,15,29,0,39,22,31,37,32,0,0,0,0,0,83,88,89,86,146,129,135,127,135,125,123,153,189,197,446,440,422,422,650,648]} 1. e4 c5 2. Nf3 e6 3. d4 cxd4 4. Nxd4 Nc6 5. Nc3 Qc7 6. g3 a6 7. Bg2 Nf6 8. O-O h5 {B47: Sicilian: Taimanov: 5 Nc3 Qc7 6 f4, 6 g3 and 6 Be2} (8... d6 9. Re1 Nd7 10. a4 Be7 11. Nde2 O-O 12. b3 Rb8 13. Bb2 b5 14. axb5 axb5 15. Nf4 b4 16. Na4 Bf6 {0-1 (68) Maghsoodloo,P (2656)-Shankland,S (2713) Biel 2019}) 9. h3 Nxd4 10. Qxd4 Bc5 {White is slightly better.} 11. Bf4 {[#] Qxf6 is the strong threat.} d6 12. Qd2 e5 13. Be3 $146 (13. Bg5 $14) ({Predecessor:} 13. Bg5 Be6 14. Bxf6 gxf6 15. Nd5 Bxd5 16. Qxd5 {1-0 (59) Amanov,Z (2340)-Dauletova,G (2273) Astana 2018}) 13... Be6 14. Rfd1 Bxe3 15. Qxe3 b5 {[%cal Bb7b5,Bb5b4][%mdl 32]} 16. Rd2 O-O 17. f4 b4 18. Nd1 Rad8 19. Nf2 exf4 20. gxf4 Rfe8 21. Rad1 a5 22. Qg3 Bc8 23. Kh2 Rd7 24. Bf3 Bb7 $1 {[%cal Rf6e4]} 25. Rg1 {[%csl Gg1][%cal Rg3g7]} g6 {[%cal Rb7e4]} 26. f5 d5 (26... Bxe4 $11 {keeps the balance.} 27. Nxe4 (27. fxg6 Bxg6 28. Kh1 d5 $15) 27... Nxe4 28. Bxe4 Rxe4) 27. fxg6 {Played: Qg3xc7} 1-0

[Event "Superbet Blitz GCT 2019"]
[Site "Bucharest"]
[Date "2019.11.10"]
[Round "17"]
[White "Korobov, Anton"]
[Black "Mamedyarov, Shakhriyar"]
[Result "1-0"]
[WhiteElo "2670"]
[BlackElo "2772"]
[Annotator "TA"]
[PlyCount "61"]
[EventDate "2019.11.09"]
[EventType "tourn"]
[EventCountry "ROU"]
[SourceTitle "playchess.com"]
[Source "ChessBase"]
[SourceQuality "1"]

{[%evp 9,89,24,75,14,25,-103,-112,-109,-103,-109,-100,-111,-126,-107,-17,-22,-20,-23,0,0,138,50,44,37,22,22,22,32,29,35,90,85,136,143,136,0,64,-105,-112,-203,69,66,55,10,104,90,270,34,33,41,391,368,402,327,327,312,352,236,216,231,484,194,468,468,468,464,464,456,433,363,395,362,364,357,626,618,604,579,587,570,29982,29983]} 1. d4 Nf6 2. c4 g6 3. Nc3 d5 4. Bg5 Ne4 5. Bh4 g5 (5... Nxc3 $11 {remains equal.} 6. bxc3 dxc4) 6. Bg3 {D80: Grünfeld: Unusual White 4th moves and 4 Bg5} (6. Nxe4 $16 gxh4 7. Nc3) 6... h5 $11 {aiming for ...h4.} 7. cxd5 $146 (7. Nxd5 $2 e6 $19) (7. Qd3 $11 {keeps the balance.}) ({Predecessor:} 7. Nxe4 dxe4 8. h4 e5 9. a3 exd4 10. Be5 Rh6 11. Qxd4 Qxd4 12. Bxd4 g4 13. e3 {0-1 (29) Meskovs,N (2513)-Tomczak,J (2583) Berlin 2018}) 7... Nxc3 $17 8. bxc3 {Black is better.} h4 $1 {[%cal Rh4g3]} 9. Be5 f6 10. Qc2 {Strongly threatening Qg6+.} Bg7 11. Nf3 O-O (11... Rh6 $17 12. Qd2 e6) 12. e3 fxe5 13. Nxg5 {[%csl Gg5][%cal Rc2h7]} Rf5 14. Ne6 $36 {[%mdl 2048] White is pushing.} Qxd5 (14... Bxe6 $1 $11 15. dxe6 Rg5) 15. Nxg7 (15. Nxc7 $16 Qc6 16. Qb3+ (16. Nxa8 exd4 17. Bd3 Rc5 $16) 16... Rf7 17. Bc4 (17. Nxa8 Be6 $14) 17... Qxc7 18. Bxf7+ Kh8 19. O-O) 15... Rg5 $14 (15... Kxg7 $2 16. e4 $18) 16. e4 Qa5 17. Nf5 $1 Bxf5 $1 18. exf5 exd4 19. Bc4+ Kg7 (19... Kf8 $14) 20. O-O $16 Qxf5 ({Black should play} 20... Nc6) 21. Qe2 $1 {[%cal Re2e7]} Nc6 22. Rab1 (22. f4 $16 Rg6 23. cxd4) 22... Rd8 ({Black should try} 22... Qf4 $11) 23. cxd4 $2 (23. f4 $14 {is the one way to stay ahead.} Rg6 24. Bd3) 23... Rxd4 $17 24. Rb5 (24. Rxb7 $2 Rxc4 $1 {[%mdl 512]} 25. Rxc7 (25. Qxc4 $2 Qf3 $19) 25... Rc2 $19) (24. Be6 $17 Qe5 25. Qxe5+ Rxe5 26. Bc8) 24... e5 $2 (24... Ne5 $19 {Threatens to win with ...Qf4.} 25. Bd3 Qf4) 25. Rxb7 $14 Rd7 {White must now prevent ...Nd4.} 26. Qe3 (26. Bd5 $5 {[%cal Rd5c6]} Nd4 27. Qe4 $14) 26... Nd4 (26... Qg4 $1 $11 27. g3 hxg3 28. fxg3 Qd4) 27. Rb8 $16 {Hoping for Rg8+.} Kh7 $2 (27... Qf4 $16 28. Qh3 Rd6) 28. Bd3 $2 (28. f4 $18 Nc2 29. Qc3 (29. fxg5 Qxf1+ 30. Bxf1 Nxe3 $11) (29. Qxa7 {is a self mate.} Rxg2+ 30. Kxg2 Rg7+ 31. Kf3 Qxf4+ {[%mdl 64] Double Attack} 32. Ke2 Qxc4+ 33. Kd2 Rd7+ 34. Qd4 Rxd4+ 35. Kc1 Nb4+ {[%mdl 64] Discovered Attack} 36. Kb2 Qxa2+ 37. Kc3 Nd5#)) 28... Nf3+ $1 $14 29. Qxf3 Rxd3 $4 {[%mdl 8192] [#]} (29... Qxd3 $14 30. Qxd3+ (30. Qf8 {leads to mate.} Rxg2+ 31. Kxg2 h3+ 32. Kg1 Qg6+ 33. Kh1 Qg2#) 30... Rxd3) 30. Qa8 $1 $18 {Rh8+ is the strong threat.} Qf6 31. Rf8 {Played: Qa8-e4} 1-0

[Event "Superbet Blitz GCT 2019"]
[Site "Bucharest"]
[Date "2019.11.10"]
[Round "18"]
[White "Caruana, Fabiano"]
[Black "Aronian, Levon"]
[Result "1/2-1/2"]
[WhiteElo "2822"]
[BlackElo "2772"]
[Annotator "TA"]
[PlyCount "93"]
[EventDate "2019.11.09"]
[EventType "tourn"]
[EventCountry "ROU"]
[SourceTitle "playchess.com"]
[Source "ChessBase"]
[SourceQuality "1"]

{[%evp 9,93,29,21,14,12,4,4,3,11,0,0,0,5,0,4,7,25,0,0,0,25,9,18,14,28,-47,-51,-54,22,0,0,0,0,0,0,0,-15,-19,0,0,13,11,28,39,62,-14,0,-30,-22,-42,-30,-28,-15,-39,-39,-81,-82,-64,-67,-81,-92,-98,0,-3,6,0,0,0,0,0,0,0,0,0,0,0,0,0,0,0,0,0,0,0,0,0]} 1. e4 e5 2. Nf3 Nc6 3. Bb5 Nf6 4. d3 Bc5 5. Bxc6 dxc6 6. Qe2 {C65: Ruy Lopez: Berlin Defence (3...Nf6), unusual lines and 4 0-0 Bc5} (6. O-O {keeps more tension.} Bd6 7. a4 Be6 8. h3 h6 9. Nbd2) 6... Nd7 7. Nbd2 f6 8. Nc4 Nb6 9. Ne3 $146 ({Predecessor:} 9. Na5 Bb4+ 10. Bd2 Bxa5 11. Bxa5 c5 12. Nh4 O-O 13. O-O Be6 {½-½ (55) Navara,D (2737)-Ivanchuk,V (2738) Prague 2017}) 9... Be6 10. b3 a5 11. a4 Bb4+ 12. Bd2 Bxd2+ (12... Nc8 {is more complex.} 13. O-O Bc5 14. Rad1 O-O 15. Nc4 b6) 13. Nxd2 Qd4 14. O-O O-O 15. Kh1 Nc8 16. Rae1 Ne7 17. f4 (17. g3 $11) 17... exf4 $15 18. Rxf4 Ng6 (18... b5 $1 $15) 19. Rf2 b5 20. Nf3 $36 {[%mdl 2048] White is pushing.} Qc3 21. Qd2 Qxd2 22. Rxd2 bxa4 23. Nd4 Bd7 {aiming for ...c5.} 24. bxa4 Rfb8 25. Nb3 Be6 26. Nc5 Nf8 27. c4 ({White should try} 27. Nf5 $14) 27... Kf7 28. h3 (28. e5 {with more complications.} fxe5 29. Rf2+ Ke7 30. Nxe6 Kxe6 31. Nf5) 28... Nd7 29. Nxe6 Kxe6 30. d4 Kf7 31. Nf5 g6 32. Nh6+ Kg7 33. Ng4 h5 34. Nf2 Rb4 35. e5 fxe5 (35... Rxc4 $17 {White must now prevent ...Re8.} 36. Ne4 Re8 37. Nxf6 Nxf6 38. exf6+ {[%mdl 64] Discovered Attack} Kf7) 36. dxe5 $11 {The position is equal.} Nc5 37. Nd3 Nxd3 38. Rxd3 Rxc4 {[%mdl 4096] Endgame KRR-KRR} 39. Rd7+ Kh6 40. e6 Re8 41. Rxc7 Rxa4 42. Rxc6 Rf4 43. e7 Rf7 44. Rc7 a4 45. Ra7 a3 46. Rxa3 Rexe7 47. Rxe7 {Accuracy: White = 39%, Black = 54%.} 1/2-1/2

[Event "Superbet Blitz GCT 2019"]
[Site "Bucharest"]
[Date "2019.11.10"]
[Round "18"]
[White "Giri, Anish"]
[Black "Anand, Viswanathan"]
[Result "1/2-1/2"]
[WhiteElo "2776"]
[BlackElo "2757"]
[Annotator "TA"]
[PlyCount "43"]
[EventDate "2019.11.09"]
[EventType "tourn"]
[EventCountry "ROU"]
[SourceTitle "playchess.com"]
[Source "ChessBase"]
[SourceQuality "1"]

{[%evp 16,43,15,13,18,7,19,22,25,25,29,29,22,22,22,21,37,59,47,8,17,10,20,9,8,4,15,0,0,-5]} 1. d4 Nf6 2. c4 e6 3. Nf3 d5 4. Nc3 Bb4 5. Bg5 h6 6. Bxf6 Qxf6 7. e3 O-O 8. Rc1 dxc4 9. Bxc4 c5 {D38: Queen's Gambit Declined: Ragozin Defence (4 Nf3 Bb4)} 10. Qb3 (10. O-O cxd4 11. Ne4 Qe7 12. a3 Ba5 13. Qxd4 Rd8 14. Qc5 Qxc5 15. Nxc5 Nd7 16. Nb3 Bb6 17. a4 Nf6 18. Be2 {½-½ (31) Bu,X (2729)-Yu,Y (2738) Daqing 2019}) 10... Nc6 {[#] White must now prevent ...Na5.} 11. dxc5 Bxc5 $146 ({Predecessor:} 11... Qg6 12. O-O Bxc5 13. Ne2 e5 14. Bd5 Bd6 15. Ng3 Ne7 16. Rfd1 {1-0 (35) Umpfenbach,C (2122)-Baciu,D (2293) Germany 2017}) 12. Ne4 Qe7 13. Nxc5 Qxc5 14. O-O Qe7 15. Bd3 Qb4 16. Qxb4 Nxb4 17. Bc4 Bd7 {The position is equal.} 18. Ne5 Rfd8 19. Nxd7 Rxd7 20. a3 Nc6 21. Bb5 Rd2 22. Bxc6 1/2-1/2

[Event "Superbet Blitz GCT 2019"]
[Site "Bucharest"]
[Date "2019.11.10"]
[Round "18"]
[White "Mamedyarov, Shakhriyar"]
[Black "Le, Quang Liem"]
[Result "0-1"]
[WhiteElo "2772"]
[BlackElo "2713"]
[Annotator "TA"]
[PlyCount "110"]
[EventDate "2019.11.09"]
[EventType "tourn"]
[EventCountry "ROU"]
[SourceTitle "playchess.com"]
[Source "ChessBase"]
[SourceQuality "1"]

{[%evp 14,110,7,0,1,-11,-15,-21,0,-17,-1,-11,31,-15,-15,-32,-18,-14,0,0,0,-20,0,-97,-96,-83,-85,-86,-108,-130,-81,-78,-10,-22,-20,-15,-12,-21,0,-69,566,561,726,689,779,-74,-74,-74,-69,-122,-110,-145,-137,-131,-119,-116,-112,-119,-116,-112,-90,-112,-112,-112,-103,-112,-97,-104,-68,-107,-107,-114,-114,-135,-41,-41,-39,-38,-39,-40,-37,-38,-36,-39,-41,-108,-100,-143,-73,-197,-199,-443,-423,-577,-606,-605,-583,-510,-453]} 1. c4 c5 2. Nf3 Nc6 3. g3 g6 4. Bg2 Bg7 5. O-O e5 6. Nc3 Nge7 7. a3 O-O 8. d3 d6 {A37: Symmetrical English vs ...g6: 4 Bg2 Bg7 5 Nf3} 9. Ne1 (9. Rb1 a5 10. Bd2 Rb8 11. Ne1 Be6 12. Nc2 d5 13. cxd5 Nxd5 14. Ne3 Nxe3 15. Bxe3 Nd4 16. b4 axb4 17. axb4 c4 18. Re1 b5 19. Ne4 Bd5 20. dxc4 Bxc4 21. Qd2 f5 22. Bg5 Qc7 23. Nc5 Qf7 24. Rbd1 e4 {½-½ (24) Amin,B (2709)-Areshchenko,A (2652) Germany 2019}) 9... Be6 10. Nd5 Rb8 {The position is equal.} 11. Nc2 b5 12. b4 e4 (12... bxc4 {is interesting.} 13. dxc4 Rc8 14. bxc5 dxc5 15. e4 Nd4) 13. Bxe4 $146 (13. dxe4 {feels hotter.} Bxa1 14. Nxa1 cxb4 15. Bh6 bxc4 16. Nf6+) ({Predecessor:} 13. Bg5 f6 14. Be3 bxc4 15. dxc4 f5 {½-½ (15) Willis,R (2157)-Lunn,M (2051) England 2016}) 13... bxc4 14. dxc4 Bxa1 15. Nxa1 Bxd5 16. cxd5 Ne5 17. Nc2 Qc7 18. h4 (18. Bf4 $11 {keeps the balance.} f6 19. bxc5 Qxc5 20. Be3) 18... cxb4 $17 19. Nxb4 Qc4 20. Bg2 a5 21. Nc6 N7xc6 22. dxc6 Nxc6 (22... Rb1 $1 $17 23. Qxd6 Rxc1 24. Qxe5 Rxf1+ 25. Bxf1 Qxc6 26. Qxa5 Ra8) 23. Bh6 Rfe8 24. Qxd6 {Black must now prevent Bd5!} Nd4 {next ...Nf5 is good for Black.} 25. Bd5 $1 {White threatens Qf6 and mate.} Qc3 $36 {[%mdl 2048] Strongly threatening ...Rbd8. Black has the initiative.} 26. Qd7 (26. e4 $1 $11) 26... Ne6 $2 {[%mdl 8192] [#]} (26... Nxe2+ $15 {stays ahead.} 27. Kg2 Qf6) 27. Bxe6 $1 $18 Rxe6 28. Rc1 Qe5 29. Bf4 $2 (29. Rc7 $18 Re7 30. Qxe7 Qxe7 31. Rxe7) 29... Qb2 $17 30. Rc7 Qf6 31. Rc2 (31. Bg5 $15 Qf5 32. Be3) 31... Rbe8 32. Qb5 Qa1+ 33. Bc1 Qe5 34. Qc4 Qe4 35. Qxe4 Rxe4 {[%mdl 4096] Endgame KRR-KRB} 36. Kf1 f6 37. Bf4 Kf7 38. f3 Rd4 39. Bd2 Rd5 40. Kf2 Re7 41. Rb2 h5 42. Rc2 Rb7 43. Be1 Rbd7 (43... Rb3 $17 44. Rc7+ Ke6 45. Rc6+ Ke7) 44. Rc6 $15 Re7 45. Bc3 Re6 46. Rc7+ Ke8 47. Rc8+ Kd7 48. Ra8 Rc5 49. Bd2 (49. Bxa5 $15 f5 50. Rd8+ Ke7 51. Bb4 Kxd8 52. Bxc5) 49... Rc2 50. Ke1 {[#]} Rb6 $1 {[%cal Rb6b1] ...Rb1+ is the strong threat.} 51. Ra7+ (51. Bf4 $17) 51... Ke6 {aiming for ...Rb1+.} 52. Bxa5 $2 (52. Bf4) 52... Rbb2 $19 {Black is clearly winning.} 53. Bb4 Rxe2+ 54. Kd1 {Hoping for Re7+.} Rg2 {[%cal Rb2b1]} 55. Kc1 Rbf2 {Accuracy: White = 38%, Black = 56%.} 0-1

[Event "Superbet Blitz GCT 2019"]
[Site "Bucharest"]
[Date "2019.11.10"]
[Round "18"]
[White "So, Wesley"]
[Black "Artemiev, Vladislav"]
[Result "0-1"]
[WhiteElo "2760"]
[BlackElo "2731"]
[Annotator "TA"]
[PlyCount "142"]
[EventDate "2019.11.09"]
[EventType "tourn"]
[EventCountry "ROU"]
[SourceTitle "playchess.com"]
[Source "ChessBase"]
[SourceQuality "1"]

{[%evp 15,142,9,9,-10,-10,-27,-27,-14,0,-49,-38,-58,-22,-26,-11,-89,-92,-139,-127,-122,-127,-137,-138,-132,-134,-132,-147,-138,-92,-92,-99,-141,-139,-140,-142,-182,-181,-189,-178,-243,-166,-262,-280,-276,-235,-285,-246,-247,-252,-241,-220,-315,-331,-354,-352,-585,-353,-345,-358,-360,-356,-350,-345,-378,-289,-380,-329,-465,-456,-529,-529,-504,-462,-464,-462,-424,-349,-378,-325,-319,0,-370,-361,-356,-300,-245,-294,-358,-348,-432,-392,-374,-378,-347,-232,-232,-232,-470,-470,-440,-187,-187,-187,-29954,-29955,-29957,-29946,-29959,-29955,-10875,-7539,-29971,-29973,-29976,-29972,-29974,-2103,-29975,-29976,-29977,-29977,-29978,-29979,-29980,-29980,-29980,-29981,-29980,-29981]} 1. c4 e5 2. g3 Nf6 3. Bg2 Nc6 4. Nc3 g6 5. Nf3 Bg7 6. d4 exd4 7. Nxd4 O-O 8. O-O Re8 9. Nxc6 {A29: English Opening: Four Knights Variation with 4 g3} (9. Nc2 d6 10. b3 Bf5 11. Rb1 a5 12. Re1 Ne4 13. Nxe4 Bxe4 14. Bxe4 Rxe4 15. f3 Re6 16. e4 Nb4 17. a4 Nxc2 18. Qxc2 {½-½ (32) Le,Q (2708)-Artemiev,V (2746) Khanty-Mansiysk 2019}) 9... dxc6 10. Qb3 Qe7 11. Bf4 {Black has an edge.} Ng4 12. Rfd1 a5 13. h3 Ne5 14. Rac1 h6 {[#]} 15. c5 $146 (15. Na4 $11) ({Predecessor:} 15. Nb1 a4 16. Qa3 Qxa3 17. Nxa3 {½-½ (63) Larsen,B (2620)-Romanishin,O (2560) Tilburg 1979}) 15... Be6 $36 {[%mdl 2048] Black has strong initiative.} 16. Qa4 {[#]} Nc4 $1 {[%cal Rc4b2]} (16... Qxc5 17. Nd5 $14) 17. Qc2 g5 ({Don't take} 17... Qxc5 18. b3 $11) 18. Bd2 Nxd2 19. Qxd2 Qxc5 20. Na4 Qb4 21. Nc5 Qxd2 ({Don't do} 21... Qxb2 22. Qxb2 Bxb2 23. Rc2 $15) 22. Rxd2 Bc8 ({Worse is} 22... Bxa2 23. b3 $14) 23. Rcd1 a4 {[%cal Ba5a4,Ba4a3][%mdl 32]} 24. Rc1 Ra5 25. Rc4 Bf8 26. Ne4 {Hoping for Nf6+.} Kg7 27. Nc3 (27. a3 $142) 27... Be6 28. Re4 (28. Rxa4 $142 Rxa4 29. Nxa4) 28... a3 $19 29. b3 Raa8 30. h4 Rad8 31. Red4 Rxd4 32. Rxd4 Bc5 33. Ra4 (33. Rd3 $142) 33... Rd8 34. hxg5 hxg5 35. b4 $2 (35. Ne4 {keeps fighting.} Be7 36. b4) 35... Be7 36. Ne4 Rd1+ 37. Kh2 Rd4 38. Rxa3 Rxb4 39. Ra5 f6 40. e3 Rb2 41. a4 (41. Kg1 {was necessary.}) 41... f5 42. Re5 Kf7 (42... fxe4 $2 43. Rxe6 Kf7 44. Rxe4 $17) 43. Nc5 Bxc5 44. Rxc5 Rxf2 {[%mdl 4096] Endgame KRB-KRB} 45. Kg1 Rb2 46. a5 Rb1+ 47. Kf2 Rb2+ 48. Kg1 $1 Ra2 49. e4 f4 50. gxf4 gxf4 51. Bf3 Ke7 52. e5 Bd7 53. Kf1 Ra3 54. Kf2 Re3 55. a6 bxa6 56. Bxc6 $2 (56. Ra5) 56... Bxc6 57. Rxc6 Rxe5 (57... Kd7 $142 58. Rxa6 Rxe5) 58. Rxc7+ {KR-KR} Kd6 59. Rf7 $2 {[#]} (59. Rc4 $19) 59... a5 {[%cal Ba6a5,Ba5a4,Ba4a3,Ba3a2][%mdl 32]} 60. Kf3 Kc5 61. Kxf4 Re6 62. Ra7 Kb5 63. Kf3 a4 64. Kf2 Re5 65. Rb7+ Kc4 66. Rc7+ Kb4 {Black mates.} 67. Rb7+ Rb5 68. Ra7 a3 69. Ke3 Ra5 70. Rb7+ Ka4 71. Rb1 a2 {Accuracy: White = 33%, Black = 66%.} 0-1

[Event "Superbet Blitz GCT 2019"]
[Site "Bucharest"]
[Date "2019.11.10"]
[Round "18"]
[White "Karjakin, Sergey"]
[Black "Korobov, Anton"]
[Result "1/2-1/2"]
[WhiteElo "2754"]
[BlackElo "2670"]
[Annotator "TA"]
[PlyCount "102"]
[EventDate "2019.11.09"]
[EventType "tourn"]
[EventCountry "ROU"]
[SourceTitle "playchess.com"]
[Source "ChessBase"]
[SourceQuality "1"]

{[%evp 22,102,-15,-18,-16,-16,-16,-17,-16,-18,-8,-18,-16,-26,-13,-21,-31,-36,-27,-26,0,0,0,0,25,10,18,0,147,164,157,149,143,141,281,278,281,284,272,274,300,281,305,317,293,222,330,234,223,222,443,431,591,45,34,41,112,120,108,120,259,259,252,249,226,8,8,8,15,14,177,0,0,0,195,-29989,29985,-29990,-29991,-29991,5113,0,0]} 1. e4 c5 2. Nf3 d6 3. d4 cxd4 4. Nxd4 Nf6 5. Nc3 a6 6. Bd3 ({Predecessor:} 6. f4 Qc7 7. Nf3 Nbd7 8. Bd3 b5 9. a3 Bb7 10. O-O e6 11. Kh1 Be7 12. Qe2 O-O 13. Bd2 Rac8 {1-0 (39) Van Delft,M (2240)-Bosboom,M (2450) Dieren 1998}) 6... e6 7. f4 Qc7 8. Qe2 b5 9. a3 Nbd7 {[%cal Bb8d7,Bd7c5,Bc5d3][%mdl 32]} 10. O-O Bb7 11. Nf3 Be7 12. Bd2 O-O {B82: Sicilian Scheveningen: 6 f4} 13. Rae1 Rac8 14. Kh1 Nc5 $146 (14... e5 15. fxe5 dxe5 16. Nh4 g6 17. Bh6 Rfe8 18. Qf3 Bf8 19. Bg5 Bg7 20. Rf2 {0-1 (47) Escobar Forero,A (2482)-Cruz,C (2559) Lima 2018}) 15. b4 Nxd3 16. cxd3 Qd7 17. Nd4 Rc7 18. Na2 Rfc8 19. Nc1 g6 20. Ncb3 e5 21. fxe5 dxe5 22. Nf3 $1 Qe6 {[#]} 23. Nc5 $1 {[%mdl 512]} Bxc5 24. bxc5 Rxc5 (24... Nh5 $11) 25. Ng5 $16 Qe7 26. Bb4 {Rc1! is the strong threat.} h6 27. Nf3 a5 (27... Nd7 $16) 28. Bxc5 $18 Rxc5 29. Qd2 {[%mdl 64] Double Attack} Kg7 30. Qxa5 Nh5 31. Qb4 Qc7 32. Qd2 Qd6 33. g3 f5 (33... Bc8 $142 34. Rf2 Qc7) 34. exf5 gxf5 35. Kg1 Nf6 $2 (35... Kh7 36. Qb2 Bxf3) 36. Nh4 Qc6 37. Qg2 $2 (37. Nxf5+ $18 Kf7 38. Re4 $1 {[%mdl 512]}) 37... Qb6 $1 $14 38. Nxf5+ Kh7 (38... Kh8 $14 39. Qh3 Rc2+ 40. Ne3 Rg2+ 41. Qxg2 Bxg2 42. Kxg2 Qc6+ 43. Kg1 Qc3) 39. Qh3 $16 Rc2+ 40. d4 $1 Ng4 (40... Rg2+ $16 {was necessary.} 41. Qxg2 Bxg2 42. Kxg2 Qc6+ 43. Kh3 e4) 41. Ne3 $18 {Threatening mate with Rf7+.} Qxd4 42. Rf7+ {[%mdl 64] Double Attack} Kg6 {Hoping for ...Rg2+.} 43. Rxb7 $2 ({White has to play} 43. Rf4 $1 $18 exf4 {[%mdl 64] Pin} 44. Qxg4+ {[%mdl 64] Double Attack} Kh7 45. Qf5+ {[%mdl 64] Double Attack} Kh8 46. Qxc2 fxe3 47. Qf5) 43... Nxe3 $11 44. Qe6+ Kh5 45. Qf7+ Kg5 $2 (45... Kg4 $1 $11 {and Black has nothing to worry.} 46. Qd7+ (46. Rxb5 {leads to mate.} Nf5+ 47. Kh1 Rxh2+ {[%mdl 64] Decoy} 48. Kxh2 Qf2+ {[%mdl 64] Double Attack} 49. Kh1 Nxg3#) (46. Qg6+ $2 Kf3 $19) 46... Kf3 47. Qxd4 (47. Qf7+ Nf5+ 48. Kh1 Rxh2+ {[%mdl 64] Decoy} 49. Kxh2 Qf2+ {[%mdl 64] Double Attack} 50. Kh3 Qxg3#) 47... exd4) 46. Qg7+ Kh5 47. Qf7+ Kg5 {( -> ...Ng4+)} (47... Kg4 $5 48. Qd7+ $8 (48. Rxb5 {gets mated.} Nf5+ 49. Kh1 Rxh2+ {[%mdl 64] Decoy} 50. Kxh2 Qf2+ {[%mdl 64] Double Attack} 51. Kh1 Nxg3#) (48. Qg6+ $2 Kf3 $19) 48... Kf3 49. Qxd4 (49. Qf7+ Nf5+ 50. Kh1 Rxh2+ {[%mdl 64] Decoy} 51. Kxh2 Qf2+ {[%mdl 64] Double Attack} 52. Kh3 Qxg3#) 49... exd4 $16) 48. Rd7 $4 {[%mdl 8192] [#]} (48. Qe7+ $18 Kf5 49. Qd7+ Qxd7 50. Rxd7) 48... Rg2+ $1 49. Kh1 {[#] Threatens to win with h4+.} Rxh2+ $3 {[%mdl 512]} 50. Kg1 {[#]} (50. Kxh2 Qb2+) 50... Rg2+ $2 (50... Rh1+ $1 {[%mdl 512] mates} 51. Kf2 (51. Kxh1 Qe4+) 51... Qb2+ 52. Rd2 Qxd2+ {[%mdl 64] Double Attack} 53. Kf3 Qg2+ 54. Kxe3 Rxe1+ 55. Kd3 Qe4+ 56. Kc3 Rc1+ 57. Kd2 Qe1+ {[%mdl 64] Double Attack} 58. Kd3 Rc3#) 51. Kh1 {[#]} Rh2+ $1 {[%mdl 512] Accuracy: White = 57%, Black = 48%.} 1/2-1/2